De el teatro / (Record no. 162062)
[ view plain ]
| 000 -LEADER | |
|---|---|
| campo de control de longitud fija | 01202nam a2200241 i 4500 |
| 001 - NÚMERO DE CONTROL | |
| campo de control | 162062 |
| 003 - IDENTIFICADOR DE NÚMERO DE CONTROL | |
| campo de control | ES-MaACL |
| 005 - FECHA Y HORA DE LA ÚLTIMA TRANSACCIÓN | |
| campo de control | 20230906212423.0 |
| 008 - DATOS DE LONGITUD FIJA--INFORMACIÓN GENERAL | |
| campo de control de longitud fija | 991022s1884 sp |||| | spa d |
| 100 1# - ENTRADA PRINCIPAL--NOMBRE DE PERSONA | |
| Nombre de persona | Picón, Jacinto Octavio, |
| Fechas asociadas al nombre | 1852-1923 |
| 9 (RLIN) | 91875 |
| 245 10 - MENCIÓN DEL TÍTULO | |
| Título | De el teatro / |
| Mención de responsabilidad, etc. | memoria leída por Jacinto Octavio Picón, secretario primero de la Sección de Literatura y Artes del Ateneo de Madrid el 5 de marzo de 1884. |
| 250 ## - MENCION DE EDICION | |
| Mención de edición | 2ª ed. |
| 260 ## - PUBLICACIÓN, DISTRIBUCIÓN, ETC. | |
| Lugar de publicación, distribución, etc. | Madrid : |
| Nombre del editor, distribuidor, etc. | [s.n.], |
| Fecha de publicación, distribución, etc. | 1884 ( |
| Fabricante | Est. tip. de El Correo) |
| 300 ## - DESCRIPCIÓN FÍSICA | |
| Extensión | 27 p. ; |
| Dimensiones | 23 cm. |
| 530 ## - NOTA DISPONIBLE DE FORMULARIO FÍSICO ADICIONAL | |
| Nota de formato físico adicional disponible | Disponible en formato digital. |
| 610 24 - PUNTO DE ACCESO ADICIONAL DE MATERIA--NOMBRE DE ENTIDAD CORPORATIVA | |
| Nombre de entidad corporativa o nombre de jurisdicción como elemento de entrada | Ateneo de Madrid. |
| Unidad subordinada | Sección de Literatura y Bellas Artes- |
| Subdivisión de forma | Memorias. |
| 9 (RLIN) | 157397 |
| 650 #4 - PUNTO DE ACCESO ADICIONAL DE MATERIA--TÉRMINO DE MATERIA | |
| Término de materia o nombre geográfico como elemento de entrada | Teatro (Género literario)- |
| Subdivisión general | Historia y crítica. |
| 9 (RLIN) | 17365 |
| 710 2# - ENTRADA AGREGADA--NOMBRE DE ENTIDAD CORPORATIVA | |
| Nombre de entidad corporativa o nombre de jurisdicción como elemento de entrada | Ateneo de Madrid. |
| Unidad subordinada | Sección de Literatura y Bellas Artes. |
| 9 (RLIN) | 2001 |
| 852 ## - LOCALIZACIÓN | |
| Ubicación | ES-MaACL |
| Número de control de estantería | T-363-F-2 |
| Nota libre | - Enc. hol. |
| -- | . - Dedicatoria autógrafa del autor |
| condición física | - Falto de cub. original |
| Nota libre | - Enc. en un vol. facticio |
| 852 ## - LOCALIZACIÓN | |
| Ubicación | ES-MaACL |
| Número de control de estantería | Fol-Laf-422 |
| Nota libre | - Rúst. |
| -- | . - Legado de Modesto de la Fuente |
| 856 ## - LOCALIZACIÓN Y ACCESO ELECTRÓNICOS | |
| Identificador Uniforme de Recursos | <a href="http://bdh-rd.bne.es/viewer.vm?id=0000246959&page=1 ">http://bdh-rd.bne.es/viewer.vm?id=0000246959&page=1 </a> |
| Nota pública | Biblioteca Digital Hispánica |
| Estatus retirado | Estado de pérdida | Fuente del sistema de clasificación o colocación | Estado de daño | No para préstamo | Colección | Biblioteca de origen | Biblioteca actual | Ubicación en estantería | Fecha de adquisición | Total de préstamos | Signatura topográfica completa | Código de barras | Visto por última vez | Precio de reemplazo | Tipo de ítem Koha | Nota pública | Fuente de adquisición |
|---|---|---|---|---|---|---|---|---|---|---|---|---|---|---|---|---|---|
| Clasificación decimal universal | Colección de folletos | Biblioteca del Ateneo de Madrid | Biblioteca del Ateneo de Madrid | Depósito folletos | 17/01/2008 | T-363-F-2 | 1169771 | 23/02/2023 | 23/02/2023 | Folleto | Dedicatoria autógrafa del autor | ||||||
| Colección de folletos | Biblioteca del Ateneo de Madrid | Biblioteca del Ateneo de Madrid | Depósito folletos | 16/01/2019 | Fol-Laf-422 | 1199650 | 23/02/2023 | 23/02/2023 | Folleto |
